000
00202nam a2200097Ia 4500
008
240331s9999 xx 000 0 und d
082
_b
WIL
100
_a
Wilson,C
245
0
_a
Ath thatu mewila
942
_c
L
999
_c
4873
_d
4873